First Word Children's Literature II Quiz Stats

 Plays Quiz Updated May 24, 2019

Score 0/30 Timer 04:00
4 Plays Today
Book Title First Word % Correct
_____ PoppinsMary
95.2%
_____ Eggs and HamGreen
94.4%
_____ the Wild Things AreWhere
93.7%
_____ You My Mother?Are
92.9%
_____ Web Charlotte's
92.4%
_____ of Green GablesAnne
90%
_____ LongstockingPippi
89.3%
_____ Adventures in WonderlandAlice's
89.2%
_____ to Terabithia Bridge
83.1%
_____ Mr. FoxFantastic
80.5%
_____ the SpyHarriet
70.4%
_____ Is Not My HatThis
66.7%
_____ MoonGoodnight
66.6%
_____ Clack, Moo: Cows that TypeClick,
61.7%
_____ a Boy in the Girls' BathroomThere's
60.7%
Book Title First Word % Correct
_____ and the Purple CrayonHarold
58.9%
_____ of a Fourth Grade NothingTales
56.6%
_____ of the Blue DolphinsIsland
51.2%
_____ GameEnder's
48.3%
_____ Not BuddyBud,
33.6%
_____ Tikki TemboTikki
31.7%
_____ Nelson is Missing!Miss
27.6%
_____ for SalBlueberries
25.1%
_____ S. MouseRalph
18.9%
_____ Two MoonsWalk
17.1%
_____ RisingEsperanza
11.5%
_____ Bunny: A Cautionary TaleKnuffle
11%
_____ BlueGathering
9.8%
_____ Out & Back AgainInside
9.5%
_____ and BeanIvy
9%

You're not logged in!

Compare scores with friends on all Sporcle quizzes.
OR
Log In

Sporcle TV

Today on Sporcle TV


Watch our educational content, quiz creation guides, and fun videos on Sporcle TV.

Show Comments

Extras

Top Quizzes Today


Score Distribution

Your Account Isn't Verified!

In order to create a playlist on Sporcle, you need to verify the email address you used during registration. Go to your Sporcle Settings to finish the process.

Report this User

Report this user for behavior that violates our Community Guidelines.

Details: